Konec okresů v Česku
Reforma verejnej správy v Česku. Zánik okresov. Riziká reformy. Kritici a odporcovia reformy. Dopad reformy na zdravotníctvo, školstvo, dopravu, financie. Prevod kompetencie okresného úradu.
Enregistré dans:
| Auteur principal: | |
|---|---|
| Autres auteurs: | |
| Format: | Chapitre de livre |
| Langue: | tchèque |
| Sujets: | |
| Tags: |
Pas de tags, Soyez le premier à ajouter un tag!
|
MARC
| LEADER | 00000naa a2200000 4500 | ||
|---|---|---|---|
| 001 | r047601 | ||
| 005 | 20231004070951.5 | ||
| 041 | 0 | |a cze | |
| 044 | |a CZ | ||
| 245 | 1 | 0 | |a Konec okresů v Česku |c Jiří Michal, Martin Kunštek |
| 520 | |a Reforma verejnej správy v Česku. Zánik okresov. Riziká reformy. Kritici a odporcovia reformy. Dopad reformy na zdravotníctvo, školstvo, dopravu, financie. Prevod kompetencie okresného úradu. | ||
| 610 | 2 | 0 | |a správa verejná |
| 610 | 2 | 0 | |a okresy |
| 610 | 2 | 0 | |a reformy |
| 610 | 2 | 0 | |a Česko |
| 100 | 1 | |a Michal, Jiří | |
| 700 | 1 | |a Kunštek, Martin | |